Statistics for French Cities: Hearts of Iron 4

Click here to take the quiz!

General Stats

  • This quiz has been taken 40 times
  • The average score is 39 of 83

Answer Stats

StateVictory PointsCity% Correct
Ile de France50Paris
97%
Brittany20Brest
94%
Rhone10Lyon
85%
Algiers5Algiers
82%
Aquitaine20Bordeaux
82%
Provence10Marseille
82%
Tunisia10Tunis
79%
Corsica1Ajáccio
76%
Lebanon5Beirut
76%
Nord-Pas-de-Calais15Calais
74%
Casablanca10Casablanca
74%
Damascus5Damascus
74%
Savoy5Nice
74%
Alsace-Lorraine5Strasbourg
74%
Marrakech1Marrakech
71%
Nord-Pas-de-Calais10Lille
68%
Midi Pyrenees5Toulouse
68%
Aleppo3Aleppo
65%
Loire5Nantes
65%
Southern Indochina3Saigon
65%
Mali1Bamako
62%
Constantine3Constantine
62%
Bourgogne5Dijon
62%
Tonkin1Hanoi
62%
Normandy10Le Havre
62%
Senegal5Dakar
59%
Alsace-Lorraine10Metz
59%
Nord-Pas-de-Calais5Dunkerque
56%
Brittany1Rennes
56%
Madagascar1Antananarivo
53%
French Guiana1Cayenne
53%
Gabon1Libreville
53%
Languedoc1Montpellier
53%
Algiers5Oran
53%
Cambodia1Phnom Penh
53%
Normandy5Rouen
53%
Middle Congo2Brazzaville
50%
Normandy3Cherbourg
50%
French Somaliland1Djibouti
50%
Centre15Orleans
50%
Laos1Vientiane
50%
Picardy5Amiens
47%
Champagne5Reims
47%
Provence1Toulon
47%
Guinea1Conakry
44%
Alpes1Grenoble
44%
Brittany5Lorient
44%
Alsace-Lorraine5Mulhouse
44%
Niger1Niamey
44%
Auvergne3Vichy
44%
Chad1N'Djamena
41%
Cameroon1Yaoundé
41%
Togo1Lome
38%
Mauritania1Nouakchott
38%
Centre10Tours
38%
Ivory Coast1Abidjan
35%
Poitou5La Rochelle
35%
Franche-Comte5Nancy
35%
New Caledonia1Noumea
35%
Upper Volta1Ouagadougou
35%
Equatorial Africa1Bangui
32%
Franche-Comte5Besancon
32%
Gabès1Gabès
32%
Limousin5Limoges
32%
Dahomey1Porto-Novo
32%
Tunisia1Sfax
29%
Pyrénées-Atlantiques3Bayonne
26%
Deir-az-Zur1Deir-az-Zur
26%
Champagne1Sedan
26%
Normandy3Dieppe
24%
Aleppo1Homs
24%
Tahiti1Papeete
24%
Champagne5Troyes
24%
Savoy1Annecy
21%
Hatay1Antakya
15%
Tunisia1Bizerte
15%
New Caledonia1Port Vila
15%
Constantine1Annaba
12%
French Caribbean1Pointe-à-Pitre
12%
Centre-Sud1Châteauroux
9%
Tlemcen1Batna
6%
Deir-az-Zur1Ayn al-Arab
3%
Deir-az-Zur1Qamishli
3%

Score Distribution

Percentile by Number Answered

Percent of People with Each Score

Your Score History

You have not taken this quiz